Años (antologías)

Guardado en:
Bibliografiske detaljer
Hovedforfatter: Grande, Felix
Format: Bog
Sprog:Undetermined
Udgivet: Madrid, España Editora Nacional 1975
Fag:
Tags: Tilføj Tag
Ingen Tags, Vær først til at tagge denne postø!

MARC

LEADER 00000nam a2200000Ia 4500
008 170316s9999 xx 000 0 und d
040 |a cru BVZT 
090 |a 860 G-30a 
100 |a Grande, Felix 
245 |a Años (antologías) 
260 |a Madrid, España 
260 |b Editora Nacional 
260 |c 1975 
300 |a 269 páginas 
650 |a LITERATURA LATINOAMERICANA 
999 |c 8757  |d 8757 
942 |c 15 D  |h 860 G-30a  |2 z